MARC

LEADER 00000nam0a2200000 4500
001 47755
005 20231031030509.0
010 |a 5247007581 
035 |a (RuTPU)RU\TPU\book\49893 
090 |a 47755 
100 |a 20030221d1989 km y0rusy50 ca 
101 0 |a rus 
102 |a RU 
105 |a a g 001zy 
200 1 |a Справочник геолога по поискам и разведке месторождений урана  |f Н. П. Лаверов, М. В. Шумилин, И. В. Мельников, И. А. Лучин  |g Под ред. Н. П. Лаверова 
210 |a Москва  |c Недра  |d 1989 
215 |a 271 с.  |c ил. 
300 |a Авт. указ. на обороте тит. л. 
320 |a Библиогр.: с. 267-269. 
610 1 |a геология 
610 1 |a уран 
610 1 |a месторождения 
610 1 |a поиск 
610 1 |a разведка 
610 1 |a урановые руды 
610 1 |a геохимия 
610 1 |a минералогия 
610 1 |a справочники 
675 |a 553.495:550.8(035)  |v 3 
701 1 |a Лаверов  |b Н. П.  |g Николай Павлович 
701 1 |a Шумилин  |b М. В.  |g Михаил Владимирович 
701 1 |a Мельников  |b И. В.  |g Игорь Васильевич 
701 1 |a Лучин  |b И. А.  |g Игорь Александрович 
702 1 |a Лаверов  |b Н. П.  |g Николай Павлович  |4 340 
801 1 |a RU  |b 63413507  |c 20030221  |g PSBO 
801 2 |a RU  |b 63413507  |c 20161014  |g PSBO 
942 |c BK